Practical macroeconomics for non-economists : (Record no. 366565)
[ view plain ]
| 000 -LEADER | |
|---|---|
| fixed length control field | 02170nam a22001937a 4500 |
| 003 - CONTROL NUMBER IDENTIFIER | |
| control field | 0 |
| 005 - DATE AND TIME OF LATEST TRANSACTION | |
| control field | 20241016094413.0 |
| 008 - FIXED-LENGTH DATA ELEMENTS--GENERAL INFORMATION | |
| fixed length control field | 241016b xxu||||| |||| 00| 0 eng d |
| 020 ## - INTERNATIONAL STANDARD BOOK NUMBER | |
| International Standard Book Number | 9781032488400 |
| 050 ## - LIBRARY OF CONGRESS CALL NUMBER | |
| Classification number | HB 172.5 |
| Item number | .N54 2024 |
| 100 ## - MAIN ENTRY--PERSONAL NAME | |
| Personal name | Niemira, Michael P., |
| Relator term | author. |
| 245 ## - TITLE STATEMENT | |
| Title | Practical macroeconomics for non-economists : |
| Remainder of title | a question and answer approach / |
| Statement of responsibility, etc | Michael P. Niemira. |
| 260 ## - PUBLICATION, DISTRIBUTION, ETC. (IMPRINT) | |
| Place of publication, distribution, etc | New York, NY : |
| Name of publisher, distributor, etc | Routledge, |
| Date of publication, distribution, etc | 2024. |
| 300 ## - PHYSICAL DESCRIPTION | |
| Extent | xx, 405 p. : |
| Other physical details | ill. ; |
| Dimensions | 25 cm. |
| 504 ## - BIBLIOGRAPHY, ETC. NOTE | |
| Bibliography, etc | Includes bibliographical references and index. |
| 520 ## - SUMMARY, ETC. | |
| Summary, etc | "Practical Macroeconomics for Non-Economists provides the tools, the theory, and the empirical understanding of macroeconomics without the heavy lifting of the mathematical and econometric models. This accessible book introduces the building blocks of macroeconomic thinking and challenges the reader to apply these insights to learn why economists say what they do and what guides economic policymakers. Linking actual data to theoretical concepts, it explores competing economic theories, and uncovers some of the key controversies in macroeconomic theory and how different perspectives lead to alternative and vastly different policy recommendations. Key features include: - Coverage of all the key macroeconomic topics, such as GDP, inflation, unemployment, output and productivity, business cycles, aggregate demand/supply, and fiscal and monetary policy. - Question-and-answer format, covering the foundations of each topic in a logical progression, to provide the reader with a quick reference and more focused discussion. - "Advanced questions" to encourage deeper discussion. - Start-of-chapter learning objectives, which allow the reader to "see" the road ahead for each section. - End-of-chapter "Issues to think about" boxed features, which offer the reader an opportunity to apply critical thinking to the issues covered. - Resource manual and PowerPoints for instructors. Practical Macroeconomics for Non-Economists is the ideal textbook for anyone looking for a practical and non-technical introduction to the subject"--Provided by publisher. |
| 650 ## - SUBJECT ADDED ENTRY--TOPICAL TERM | |
| Topical term or geographic name as entry element | Macroeconomics. |
| 942 ## - ADDED ENTRY ELEMENTS (KOHA) | |
| Source of classification or shelving scheme | Library of Congress Classification |
| Koha item type | Books |
| Withdrawn status | Lost status | Source of classification or shelving scheme | Damaged status | Home library | Current library | Shelving location | Date acquired | Source of acquisition | Sub Shelving location | Total Checkouts | Full call number | Barcode | Date last seen | Price effective from | Koha item type |
|---|---|---|---|---|---|---|---|---|---|---|---|---|---|---|---|
| Library of Congress Classification | College Library | College Library | Reserve Section | 10/16/2024 | Library Fund | HB 172.5 .N54 2024 | C23877 | 10/16/2024 | 10/16/2024 | Books |